Monster Hunter Franchise - Statistics

General Stats
  • This quiz has been taken 117 times
  • The average score is 11 of 24
Answer Stats
Type Year Name Info % Correct
Video Game 2004 Monster Hunter Capcom
99%
Film 2020 Monster Hunter Sony
99%
Video Game 2009 Monster Hunter Tri Capcom
98%
Video Game 2006 Monster Hunter 2 Capcom
94%
Video Game 2013 Monster Hunter 4 Capcom
86%
Video Game 2018 Monster Hunter: World Capcom
86%
Video Game 2015 Monster Hunter Generations Capcom
75%
Video Game 2005 Monster Hunter Freedom Capcom
63%
Video Game 2019 Monster Hunter World: Iceborne Capcom
61%
Video Game 2008 Monster Hunter Freedom Unite Capcom
58%
Video Game 2016 Monster Hunter Stories Capcom / Nintendo
50%
Video Game 2010 Monster Hunter Portable 3rd Capcom
40%
Video Game 2007 Monster Hunter Freedom 2 Capcom
24%
Video Game 2013 Monster Hunter Online Capcom
24%
TV Film 2020 Monster Hunter: Legends of the Guild TBA
18%
Manga Series 2008-2009 Monster Hunter Orage Kodansha
15%
Video Game 2015 Monster Hunter Explore Capcom
14%
Video Game 2013 Monster Hunter: Frontier G Capcom
13%
Video Game 2007 Monster Hunter Frontier Online Capcom / Microsoft Game Studios
11%
Anime Series 2016-2017 Monster Hunter Stories: Ride On Fuji TV
9%
Video Game 2010 Monster Hunter Diary: Poka Poka Airou Village Capcom
5%
Video Game 2011 Monster Hunter Dynamic Hunting Capcom
3%
Card Game 2008 Monster Hunter Hunting Card Capcom
3%
Video Game 2015 Monster Hunter Spirits Capcom
3%
No matching quizzes found
Score Distribution
Percent of People with Each Score
Percentile by Number Answered
Your Score History
You have not taken this quiz